Day, Barbara. Sametoví filozofové. - Brno : Doplněk. - 1999 [Rezension]
| Titel: | Day, Barbara. Sametoví filozofové. - Brno : Doplněk. - 1999 [Rezension] |
|---|---|
| Verfasser: | |
| In: |
Soudobé dějiny, Band 6, Heft 4 (1999), Seite 641 alle Artikel anzeigen |
| Veröffentlicht: | 1999 |
| Format: | Aufsatz |
| Sprache: | Keine Angabe |
X
alg: 39517785 001A $01999:12-11-16 001B $01999:09-08-21 $t17:42:10.000 001D $01999:12-11-16 001U $0utf8 001X $00 002@ $0Aox 003@ $0395177855 007A $0395177855 $aHEB 007T $0Herdp26327 010@ $axxx 011@ $a1999 021A $aDay, Barbara. Sametoví filozofové. - Brno : Doplněk. - 1999 [Rezension] 028A $aKvítek $dMartin 031A $d6 $e4 $h641 $j1999 039B $aIn $8--Abvc--. Soudobé dějiny. - Praha : USD, 1993-. - ISSN 1210-7050 $x199900000060004359 $9048643750 039T $8--Aau--Day, Barbara$Z1944- [Tp1]. Sametoví filozofové. - 1. vyd.. - Brno : Doplněk, 1999. - 287 S.. - ISBN 80-7239-045-7 $9093611501 045F $a900.94371 $eDDC23BSB 045F/01 $a900 045F/03 $g4371 045T $a7,41 045T $aOST $qDE-12 $2FID lok: 39517785 78 exp: 39517785 78 1 #EPN 201B/01 $026-11-17 $t04:06:43.000 201U/01 $0utf8 203@/01 $0791486842 208@/01 $a12-11-16 $be 209A/01 $a/ $f000 $x00 220C/01 $aHerkunft: Hú Av Čr Praha 220C/01 $aAnmerkung: Soudobé dějiny 244Z/01 $#Tschechien $#Tschechische Republik $#Tschechische Republik $#Tschechenland $#Tschechei Tschechien $#Česká Republika $#Czech Republic $#ČR $74303381-7 $8--Tg1--Tschechien $x01 $9086659812 244Z/01 $2Trx $#Böhmen $#Bohemia $#Czechy $8--Trx--Čechy $x02 $9391188941 244Z/01 $2Trx $#arvustused $#recenzijos $#Reviews $#recenziók $#recenzje $#recenzie $#recenze $8--Trx--Rezensionen $x03 $9391357441 247C/01 $82080>Marburg/Lahn, Herder-Institut, Forschungsbibliothek, Bibliographieportal $9336309341
| LEADER | 00000caa a22000002c 4500 | ||
|---|---|---|---|
| 001 | 395177855 | ||
| 003 | DE-603 | ||
| 005 | 20210809174210.0 | ||
| 007 | tu | ||
| 008 | 161112s1999 xx |||| | u00||u|xxx c | ||
| 035 | |a (DE-599)HEB395177855 | ||
| 040 | |a DE-603 |b ger |c DE-603 |d DE-603 | ||
| 041 | |a xxx | ||
| 082 | 0 | 4 | |8 1\u |a 900.94371 |q DE-101 |2 23/BSB |
| 084 | |a 7,41 |2 ssgn | ||
| 084 | |a OST |q DE-12 |2 fid | ||
| 085 | |8 1\u |b 900 | ||
| 085 | |8 1\u |z 2 |s 4371 | ||
| 100 | 1 | |a Kvítek, Martin | |
| 245 | 0 | 0 | |a Day, Barbara. Sametoví filozofové. - Brno : Doplněk. - 1999 [Rezension] |
| 264 | 0 | |c 1999 | |
| 773 | 0 | 8 | |i In |t Soudobé dějiny |d Praha : USD, 1993- |x 1210-7050 |g Band 6, Heft 4 (1999), Seite 641 |w (DE-603)048643750 |w (DE-600)1181942-X |
| 787 | 0 | 8 | |i Rezension von |a Day, Barbara, 1944- |t Sametoví filozofové |b 1. vyd. |d Brno : Doplněk, 1999 |h 287 S. |z 8072390457 |w (DE-603)093611501 |
| 924 | 0 | |9 2080 |a (DE-603)791486842 |b DE-2080 |c HES |d d |g / | |


